| 000 | 00574cam a22002171 4500 | ||
|---|---|---|---|
| 001 | sa 63001321 | ||
| 003 | DLC | ||
| 005 | 20260227111927.0 | ||
| 008 | 800225s1962 ii a 000 0 pol | ||
| 010 | _asa 63001321 | ||
| 035 | _a(OCoLC)6019516 | ||
| 040 |
_aDLC _cICIU _dDLC |
||
| 042 | _apremarc | ||
| 050 | 0 | 0 |
_aHA29 _b.U4 1962 |
| 100 | 1 | _aUmarji, R. R. | |
| 245 | 1 | 0 | _aProbability and statistical methods. |
| 250 | _a[2d ed., rev. and enl.] | ||
| 260 |
_aBombay, _aNew York, _bAsia Pub. House _c[1962] |
||
| 300 |
_a406 p. _billus. _c23 cm. |
||
| 650 | 0 | _aStatistics. | |
| 999 |
_c53913 _d53913 |
||